00734cam a22002177a 4500003000500000005001700005008004100022010001000063011001000073035001000083040000900093082001800102110003000120245009700150260008200247300001000329490005100339650004000390700003500430830005100465CHAP20220329135027.0971013s1980 co r 00010 spa d a29784 a30756 a34868 cCHAP04a633.61016bL42 aLibreros Salamanca, Cilia10aBibliografía preliminar sobre cultivo y procesamiento de la caña de azúcar en Colombia aCali :bCentro de Investigación de la Caña de Azúcar en Colombia,c1980 a95 p. 0aDocumentación e Información Azucarerav; 314aCaña de azúcarxBibliografía.0 aBustamante Alvarez, Guadalupe.0 aDocumentación e Información Azucarerav; 3